| 000 | 00860nam a2200301 a 4500 | ||
|---|---|---|---|
| 003 | AR-BaBNM | ||
| 005 | 20251128202731.0 | ||
| 008 | 082120s2002 ||||||||||||||000 | spa|| | ||
| 020 | _a84-7100-586-7 | ||
| 040 | _cAR-BaBNM | ||
| 100 | 1 | _aWeber, David J. | |
| 245 | 0 | 0 |
_aLa frontera norte de México, 1821-1846 _bel sudoeste norteamericano en su época mexicana |
| 250 | _a1ª ed. | ||
| 260 |
_aMadrid _bMapfre _c1992 |
||
| 300 |
_a525 p. _bmapas |
||
| 490 | 0 |
_aEspaña y Estados Unidos _vv. 11 |
|
| 500 | _aApéndices p. 475-525. | ||
| 650 | 4 | _aINDEPENDENCIA | |
| 650 | 4 | _aMOVIMIENTOS EMANCIPADORES LATINOAMERICANOS | |
| 650 | 4 | _aHISTORIA DE LAS RELIGIONES | |
| 650 | 4 | _aHISTORIA SOCIAL | |
| 651 | 4 | _aMéxico | |
| 651 | 4 | _aEstados Unidos | |
| 651 | 4 | _aEspaña | |
| 800 | 1 |
_aGallego, José Andrés _edirector |
|
| 942 | _cBK | ||
| 998 | _cmariana | ||
| 999 |
_c314 _d314 |
||